| 000 | 00579nam a22001817a 4500 | ||
|---|---|---|---|
| 999 |
_c165067 _d165067 |
||
| 005 | 20190606103524.0 | ||
| 010 | _aENG-125481 | ||
| 020 |
_a9788194004219 _c120.00 |
||
| 035 | _aEN-109013 | ||
| 037 | _bDBAD/PUB | ||
| 082 | _a881 | ||
| 100 | _aThanesh, Anitha | ||
| 245 |
_aHeart 2 Heart: _cby Anitha Thanesh _bwith the man of my dreams/ |
||
| 260 |
_aChennai _bEmerald Publishers _c2019 |
||
| 270 |
_a15A, First Floor, Casa Manoj Road Egmore, _bChennai _e600008 _minfo@emeraldpublishers.com |
||
| 300 |
_a103p. _c19cm(pbk) _bill. |
||
| 942 |
_2ddc _cEN _h881 _mTHA |
||